|
|
|
|
| LEADER |
01057nam a22002777a 4500 |
| 001 |
35257 |
| 003 |
BD-DhAAL |
| 005 |
20211129115846.0 |
| 008 |
190905t2005 ii ||||| b||| 001 0 eng d |
| 999 |
|
|
|c 41115
|d 41115
|
| 020 |
|
|
|a 8176488828
|
| 020 |
|
|
|a 9788176488822
|
| 040 |
|
|
|a DLC
|c DLC
|d DLC
|d BD-DhAAL
|
| 050 |
0 |
0 |
|a LB1140.2
|b .C394 1977
|
| 082 |
0 |
0 |
|a 372.21
|
| 100 |
|
|
|a Mishra, R. C.
|9 34005
|
| 245 |
1 |
0 |
|a Early childhood care and education /
|c R. C. Mishra
|
| 260 |
|
|
|a New Delhi :
|b A.P.H. Publishing Corporation,
|a 2005
|
| 300 |
|
|
|a xii, 310 pages ;
|c 22 cm.
|
| 504 |
|
|
|a Includes bibliographical references (pages [307]-308) and index.
|
| 526 |
|
|
|a BIED
|
| 541 |
|
|
|a Complimentary copy from BIED
|e 35257
|
| 650 |
|
0 |
|a Education, Preschool.
|9 34006
|
| 852 |
|
|
|a Ayesha Abed Library
|c General Stacks
|
| 942 |
|
|
|2 ddc
|c BK
|
| 952 |
|
|
|0 0
|1 0
|2 ddc
|4 0
|6 372_210000000000000_MIS
|7 0
|9 66141
|a BRACUL
|b BRACUL
|c GEN
|d 2019-09-05
|e Complimentary copy from BIED
|l 1
|o 372.21 MIS
|p 3010035257
|r 2025-11-16
|s 2025-11-10
|t 1
|w 2019-09-05
|y BK
|x Transferred from BIED to General Stacks
|